000 00609nam a2200181 a 4500
001 000038581
005 20201002031313.0
008 130415s1973 spaa 000 0 spa d
020 _a8472040143
040 _aDO-SdBNP
_bspa
_cBNPHU
100 1 _aMarquiegui Candina, Javier
_964922
245 1 0 _aOrientación profesional /
_cJavier Marquiegui Candina, Juan José Brunet Gutiérrez.
260 _aBarcelona :
_bRM ,
_c1973.
300 _a215 p. :
_bil. ;
_c20 cm.
490 1 _aColección escuela para padres
700 1 _aBrunet Gutiérrez, Juan José
_964923
830 0 _aColección escuela para padres
_964924
999 _c38071
_d38071